Indian Tribes/ (Record no. 194099)

MARC details
000 -LEADER
fixed length control field 00751nam a22001937a 4500
005 - DATE AND TIME OF LATEST TRANSACTION
control field 20230216105134.0
010 ## - LCCN (DPL NO)
LC control number B-746869-873 E.N.A./7.11.22
020 ## - INTERNATIONAL STANDARD BOOK NUMBER
International Standard Book Number 9788178442990
Terms of availability 595.00
035 ## - SYSTEM CONTROL NUMBER
System control number B-746869-873
037 ## - SOURCE OF ACQUISITION
Source of stock number/acquisition K.K. Publication
082 ## - DEWEY DECIMAL CLASSIFICATION NUMBER
Classification number 307.772
100 ## - MAIN ENTRY--PERSONAL NAME
Personal name Beniwal, Anju
245 ## - TITLE STATEMENT
Title Indian Tribes/
Remainder of title Anju Beniwal
260 ## - PUBLICATION, DISTRIBUTION, ETC. (IMPRINT)
Place of publication, distribution, etc New Delhi
Name of publisher, distributor, etc K.K. Publication
Date of publication, distribution, etc 2022
270 ## - ADDRESS
Address 4806/24,Bharat Ram Road, Daryaganj,
City New Delhi
Postal code 110002
Telephone number 011-23285167
300 ## - PHYSICAL DESCRIPTION
Extent vii,159p.
Dimensions 22cm(hbk)
942 ## - ADDED ENTRY ELEMENTS (KOHA)
Source of classification or shelving scheme Dewey Decimal Classification
Item type English Books
Call number suffix BEN
Classification part 307.772
Holdings
Withdrawn status Lost status Not for loan Collection code Home library Current library Date acquired Source of acquisition Cost, normal purchase price Full call number Barcode Copy number Cost, replacement price Koha item type
      Non-fiction Bawana Bawana 16/02/2023 K.K. Pub./IN251/28.11.22/171/23.11.22/2.12.22 595.00 307.772 BEN B-746872 1 595.00 English Books
      Non-fiction Central Library Central Library 16/02/2023 K.K. Pub./IN251/28.11.22/171/23.11.22/2.12.22 595.00 307.772 BEN B-746869 1 595.00 English Books
      Non-fiction Patel Nagar Patel Nagar 16/02/2023 K.K. Pub./IN251/28.11.22/171/23.11.22/2.12.22 595.00 307.772 BEN B-746870 1 595.00 English Books
      Non-fiction Sarojini Nagar Sarojini Nagar 16/02/2023 K.K. Pub./IN251/28.11.22/171/23.11.22/2.12.22 595.00 307.772 BEN B-746871 1 595.00 English Books
      Non-fiction Shahdara Branch Shahdara Branch 16/02/2023 K.K. Pub./IN251/28.11.22/171/23.11.22/2.12.22 595.00 307.772 BEN B-746873 1 595.00 English Books

© Delhi Public Library
Hit Counter
free hit counter